| 000 | 01027cam a2200277 i 4500 | ||
|---|---|---|---|
| 001 | 16825533 | ||
| 003 | SISC | ||
| 005 | 20231108120807.0 | ||
| 008 | 110613s2011 enka 001 0 eng | ||
| 010 | _a 2011377463 | ||
| 020 | _a9780521171786 (paperback) | ||
| 040 |
_aDLC _beng _cDLC _erda |
||
| 042 | _apcc | ||
| 050 | 0 | 0 |
_aTR IB QH 316 _b.W35 2011 |
| 100 | 1 | _aWalpole, Brenda. | |
| 245 | 1 | 0 |
_aBiology for the IB diploma / _cBrenda Walpole, Ashby Merson-Davies, Leighton Dann ; course consultant, Peter Hoeben. |
| 300 |
_avi, 602 pages : _billustrations (chiefly color) ; _c28 cm. |
||
| 500 | _aIncludes index. | ||
| 650 | 0 |
_aInternational baccalaureate _vStudy guides. |
|
| 650 | 0 |
_aBiology _xExaminations _vStudy guides. |
|
| 700 | 1 | _aMerson-Davies, Ashby. | |
| 700 | 1 | _aDann, Leighton. | |
| 906 |
_a7 _bcbc _corigres _d3 _encip _f20 _gy-gencatlg |
||
| 942 |
_2lcc _cBK |
||
| 999 |
_c296189 _d296189 |
||